The sustainable communities summit 2005 (Record no. 74819)
[ view plain ]
| 000 -LEADER | |
|---|---|
| fixed length control field | 00903cab a2200205 4500 |
| 001 - CONTROL NUMBER | |
| control field | ##ABS68775 |
| 008 - FIXED-LENGTH DATA ELEMENTS--GENERAL INFORMATION | |
| fixed length control field | 050221n2005 000 0 eng u |
| 035 ## - SYSTEM CONTROL NUMBER | |
| System control number | (Sirsi) u128851 |
| 100 1# - MAIN ENTRY--PERSONAL NAME | |
| Personal name | Ryder, B. |
| 245 04 - TITLE STATEMENT | |
| Title | The sustainable communities summit 2005 |
| 260 ## - PUBLICATION, DISTRIBUTION, ETC. | |
| Date of publication, distribution, etc. | 2005 |
| 490 #0 - SERIES STATEMENT | |
| Series statement | Building |
| Volume/sequential designation | 270(8366) 28 January 2005, 41-52(13) |
| 520 ## - SUMMARY, ETC. | |
| Summary, etc. | Focuses on how the £22bn sustainable communities plan is faring. Assembles a think-tank of experts to discuss regeneration including issues such as mistakes that are being made and how the processes can be made to work better. Also includes the latest proposals to build £60 000 houses for first time buyers. |
| 590 ## - LOCAL NOTE (RLIN) | |
| Local note | ABS |
| 650 24 - SUBJECT ADDED ENTRY--TOPICAL TERM | |
| Topical term or geographic name entry element | SUSTAINABLE COMMUNITIES: BUILDING FOR THE FUTURE |
| 650 24 - SUBJECT ADDED ENTRY--TOPICAL TERM | |
| Topical term or geographic name entry element | DCLG DESIGN FOR MANUFACTURE COMPETITION |
| 651 #4 - SUBJECT ADDED ENTRY--GEOGRAPHIC NAME | |
| Geographic name | England |
| Chronological subdivision | 886- |
| 690 ## - LOCAL SUBJECT ADDED ENTRY--TOPICAL TERM (OCLC, RLIN) | |
| Topical term or geographic name as entry element | PROPERTY-PROPERTY MANAGEMENT-REGENERATION |
| 942 ## - ADDED ENTRY ELEMENTS (KOHA) | |
| Suppress in OPAC | 0 |
| Withdrawn status | Lost status | Source of classification or shelving scheme | Damaged status | Not for loan | Home library | Current library | Shelving location | Date acquired | Total Checkouts | Full call number | Barcode | Date last seen | Copy number | Price effective from | Koha item type |
|---|---|---|---|---|---|---|---|---|---|---|---|---|---|---|---|
| Dewey Decimal Classification | London | London | Journal article | 08/03/2005 | ABS68775 | 128851-1001 | 06/08/2019 | 1 | 06/08/2019 | Journal article |